Statistics for 10 fun facts

Click here to take the quiz!

General Stats

  • This quiz has been taken 71 times
  • The average score is 4 of 10

Answer Stats

QuestionAnswer% Correct
how many bones are there in a human body?206
83%
are narwhals real?true
78%
what is Scotlands nation animal?unicorn
72%
were is a shrimp's heart?the head
43%
What state has the most tornadoes?Texas
29%
how many pounds of pressure does it take to rip off someone's ear?3
28%
how many bones do babies have?300
26%
how tall was the tallest person in the world?8f 11in
21%
what planet is closest to eath by distance?Mercury
19%
what planet is closest to Pluto by distance?Mercury
9%

Score Distribution

Percentile by Number Answered

Percent of People with Each Score

Your Score History

You have not taken this quiz